Statystyki dla Królestwa w Super Mario Odyssey

Kliknij tutaj aby rozwiązać quiz!

Ogólne statystyki

  • Ten quiz został rozwiązany 11 razy
  • Średni wynik to 6 z 15

Statystyki odpowiedzi

HintOdpowiedź% Poprawnych
1Bonneton
100%
2Fossil Falls
100%
4Lake Lamode
100%
3Tostarena
100%
13Bowser's Castle
33%
7Forgotten Isle
33%
14Honeylune Ridge
33%
15Peach's castle
33%
5Steam Gargens
33%
10Bubblaine
0%
12Crumbleden
0%
11Mount Volbano
0%
8New Donk City
0%
6Nimbus Arena
0%
9Shiveria
0%

Rozkład punktacji

Percentyl według liczby udzielonych odpowiedzi

Procent ludzi z każdym wynikiem

Twoja historia wyników

Nie rozwiązałeś tego quizu